000 00517nam a2200181Ia 4500
999 _c30182
_d30182
003 OSt
005 20201125152505.0
008 190216s9999||||xx |||||||||||||| ||und||
020 _a9788126434831
040 _coclc
082 _a920
_bANT/A
100 _aAntharjanam, Lalithambika
_96691
245 0 _aAthmakathayakku Oramukham /
_cLalithambika Antharjanam
260 _bD C Books ,
_c2017.
_aKottayam;
300 _a127p
650 _aMalayalam
942 _cBK
_2ddc
_h920
_iANT/A
_k920
_mANT/A